byad Faiz; mah e naw magazine, oct 2013 (Record no. 327511)

000 -LEADER
fixed length control field 00468 a2200133 4500
001 - CONTROL NUMBER
control field 92438
082 ## - DEWEY DECIMAL CLASSIFICATION NUMBER
Classification number 891.4393 SHE
090 ## - LOCALLY ASSIGNED LC-TYPE CALL NUMBER (OCLC); LOCAL CALL NUMBER (RLIN)
-- 44411
-- 44412
100 ## - MAIN ENTRY--PERSONAL NAME
Personal name Directorate of films and Publictions, Govt of Pakistan ministry of information and broadcasting
245 ## - TITLE STATEMENT
Title byad Faiz; mah e naw magazine, oct 2013
260 ## - PUBLICATION, DISTRIBUTION, ETC.
Place of publication, distribution, etc. Islamabad
Name of publisher, distributor, etc. Directorate General of electronic media and Publications; Govt of Pakistan
Date of publication, distribution, etc. 2013
300 ## - PHYSICAL DESCRIPTION
Extent 376 p.
740 ## - ADDED ENTRY--UNCONTROLLED RELATED/ANALYTICAL TITLE
Uncontrolled related/analytical title faiz number
942 ## - ADDED ENTRY ELEMENTS (KOHA)
Institution code [OBSOLETE] CAE NUST
Call number prefix 891.4393 SHE
Holdings
Withdrawn status Lost status Damaged status Not for loan Collection code Permanent Location Current Location Date acquired Total Checkouts Full call number Barcode Date last seen Price effective from Koha item type
          College of Aeronautical Engineering (CAE) College of Aeronautical Engineering (CAE) 04/03/2017   891.4393 SHE CAEG-10000 04/05/2017 04/05/2017 Book
© 2023 Central Library, National University of Sciences and Technology. All Rights Reserved.